Statistics for Largest cities in Japan not on Honshu

Click here to take the quiz!

General Stats

  • This quiz has been taken 193 times
    (188 since last reset)
  • The average score is 11 of 18

Answer Stats

PopulationIslandCity% Correct
1,914,434HokkaidoSapporo
97%
1,463,428KyushuFukuoka
89%
443,469KyushuNagasaki
86%
317,765OkinawaNaha
71%
605,490KyushuKagoshima
69%
977,288KyushuKitakyushu
69%
734,298KyushuKumamoto
67%
473,955KyushuOita
65%
279,110HokkaidoHakodate
61%
400,352KyushuMiyazaki
60%
517,088ShikokuMatsuyama
59%
264,764ShikokuTokushima
57%
343,416ShikokuKochi
54%
237,501KyushuSaga
52%
347,375HokkaidoAsahikawa
51%
419,291ShikokuTakamatsu
51%
261,164KyushuSasebo
41%
302,323KyushuKurume
37%

Score Distribution

Percentile by Number Answered

Percent of People with Each Score

Your Score History

You have not taken this quiz since the last reset